Statistics for 2016 Formula 1 drivers' standings

Click here to take the quiz!

General Stats

  • This quiz has been taken 320 times
  • The average score is 13 of 24

Answer Stats

PositionNamePoints% Correct
2Lewis Hamilton380
100%
1Nico Rosberg385
100%
4Sebastian Vettel212
93%
3Daniel Ricciardo256
91%
5Max Verstappen192
86%
6Kimi Räikkönen186
84%
7Sergio Pérez101
60%
8Valtteri Bottas85
56%
9Nico Hülkenberg72
52%
10Fernando Alonso54
49%
11Felipe Massa53
48%
12Carlos Sainz, Jr.46
44%
13Romain Grosjean29
42%
14Daniil Kvyat25
41%
15Jenson Button21
41%
16Kevin Magnussen7
40%
23Esteban Ocon0
36%
18Jolyon Palmer1
34%
22Marcus Ericsson0
33%
17Felipe Nasr2
32%
19Pascal Wehrlein1
32%
24Rio Haryanto0
30%
21Esteban Gutiérrez0
27%
20Stoffel Vandoorne1
26%

Score Distribution

Percentile by Number Answered

Percent of People with Each Score

Your Score History

You have not taken this quiz